000 01087pam a2200301 a 4500
001 2522
005 20231213152627.0
020 _a0690043880 :
_c$9.95
020 _a9780590464086
020 _a0690043899 (lib. bdg.) :
_c$9.89
040 _aDLC
_cDLC
_dDLC
_beng
050 0 0 _aGT3340
_b.L38 1985
082 0 0 _a930.1/028/5
_219
100 1 _aLauber, Patricia
245 1 0 _aTales mummies tell /
_cPatricia Lauber
250 _aFirst Scholastic printing, November 1992
260 _aNew York :
_bScholastic,
_c1985
300 _a118 pages :
_billustrations ;
_c24 cm
505 _aZ
520 _aExplains how the study of mummies, both natural and man-made, including a frozen baby mammoth found in Siberia and the human mummies of Egypt, Peru, and Denmark, can reveal information about ancient civilizations and prehistoric life.
521 _a900
_bLexile estimate
521 _aZ
_bRaz-Plus
650 0 _aMummies
_xJuvenile literature.
650 1 _aMummies.
650 1 _aCivilization
_xHistory.
906 _a7
_bcbc
_corignew
_d1
_eocip
_f19
_gy-gencatlg
942 _2ddc
_cBK
_n0
999 _c2522
_d2522